Địa chất thủy văn đại cương

Gespeichert in:
Bibliographische Detailangaben
1. Verfasser: Vũ Ngọc Kỷ
Format: Buch
Sprache:Undetermined
Veröffentlicht: Hà Nội Đại Học và THCN 1985
Schlagworte:
Tags: Tag hinzufügen
Keine Tags, Fügen Sie den ersten Tag hinzu!
Thư viện lưu trữ: Trung tâm Học liệu Trường Đại học Cần Thơ
LEADER 00549nam a2200181Ia 4500
001 CTU_23616
008 210402s9999 xx 000 0 und d
082 |a 551 
082 |b K600 
100 |a Vũ Ngọc Kỷ 
245 0 |a Địa chất thủy văn đại cương 
245 0 |c Vũ Ngọc Kỷ, Nguyễn Kim Ngọc, Tôn Sĩ Kinh 
260 |a Hà Nội 
260 |b Đại Học và THCN 
260 |c 1985 
650 |a geology,hydrography 
904 |i Liên, 980428 
980 |a Trung tâm Học liệu Trường Đại học Cần Thơ